[Event "Campeonato Individual Absoluto de Madrid"]
[Site "Madrid ESP"]
[Date "2025.05.12"]
[Round "6.6"]
[White "Alvarez Poves, Jesus"]
[Black "Suarez Uriel, Adrian"]
[Result "0-1"]
[WhiteElo "2071"]
[BlackElo "2398"]
[PlyCount "70"]
[GameId "2176784250913071"]
[EventDate "2025.05.05"]
[EventType "swiss"]
[EventRounds "7"]
[SourceTitle "Ajedrez en Madrid"]
[Source "lmi"]
[SourceDate "2025.05.05"]
[SourceVersion "1"]
[SourceVersionDate "2025.05.14"]
[SourceQuality "1"]

1. e4 c5 2. Nf3 d6 3. d4 cxd4 4. Nxd4 Nf6 5. Nc3 a6 6. Qd3 g6 7. Bg5 Bg7 8. O-O-O Nbd7 9. f4 Qc7 10. Be2 b5 11. Bf3 Bb7 12. Kb1 O-O 13. h4 Nc5 14. Qe3 b4 15. Nd5 Nxd5 16. exd5 f6 17. h5 fxg5 18. fxg5 gxh5 19. Ne6 Qd7 20. Rxh5 Nxe6 21. Bg4 Bxd5 22. Rxh7 Rf4 23. Bxe6+ Qxe6 24. Rxg7+ Kxg7 25. Qxf4 Be4 26. Qf2 Rc8 27. Rd2 a5 28. Re2 d5 29. Qd4+ Kg6 30. b3 Qg4 31. Qb6+ Kxg5 32. Qe3+ Qf4 33. Qg1 Bxc2+ 34. Rxc2 Qe4 35. Qc1+ Kg6 0-1

[Event "Campeonato Individual Absoluto de Madrid"]
[Site "Madrid ESP"]
[Date "2025.05.12"]
[Round "6.7"]
[White "Perez Diez, Victor"]
[Black "Horcajuelo Rocamora, Martin"]
[Result "0-1"]
[WhiteElo "2041"]
[BlackElo "2367"]
[PlyCount "74"]
[GameId "2176774100091110"]
[EventDate "2025.05.05"]
[EventType "swiss"]
[EventRounds "7"]
[SourceTitle "Ajedrez en Madrid"]
[Source "lmi"]
[SourceDate "2025.05.05"]
[SourceVersion "1"]
[SourceVersionDate "2025.05.14"]
[SourceQuality "1"]

1. e4 c5 2. c3 Nf6 3. e5 Nd5 4. d4 cxd4 5. Nf3 d6 6. Qxd4 e6 7. Bb5+ Bd7 8. Bxd7+ Qxd7 9. exd6 Nc6 10. Qe4 Bxd6 11. O-O O-O-O 12. Nbd2 f5 13. Qa4 Nb6 14. Qb3 e5 15. Nc4 Nxc4 16. Qxc4 Kb8 17. Be3 f4 18. Bc5 Bxc5 19. Qxc5 Rhe8 20. Rfe1 e4 21. Nd4 Nxd4 22. cxd4 Qxd4 23. Qh5 e3 24. fxe3 Rxe3 25. Kh1 Qe4 26. Rf1 Rd2 27. Qg4 Rg3 28. Qxf4+ Qxf4 29. Rxf4 Rgxg2 30. Rh4 h6 31. a4 Rxb2 32. Re1 a6 33. Rd1 Ka7 34. Re1 Rg5 35. Ra1 Kb6 36. Re4 Rh5 37. a5+ Ka7 0-1

[Event "Campeonato Individual Absoluto de Madrid"]
[Site "Madrid ESP"]
[Date "2025.05.12"]
[Round "6.10"]
[White "Palomo Monserrat, Lorenzo"]
[Black "Nunez Munoz, Jesus"]
[Result "1/2-1/2"]
[WhiteElo "1993"]
[BlackElo "1996"]
[PlyCount "84"]
[GameId "2176786117869887"]
[EventDate "2025.05.05"]
[EventType "swiss"]
[EventRounds "7"]
[SourceTitle "Ajedrez en Madrid"]
[Source "lmi"]
[SourceDate "2025.05.05"]
[SourceVersion "1"]
[SourceVersionDate "2025.05.14"]
[SourceQuality "1"]

1. d4 Nf6 2. c4 e6 3. Nc3 Bb4 4. e3 c5 5. Nge2 cxd4 6. exd4 d5 7. a3 Bxc3+ 8. Nxc3 dxc4 9. Bxc4 Nc6 10. Be3 O-O 11. O-O b6 12. Qd3 Bb7 13. Rad1 h6 14. Ba2 Ne7 15. Bf4 Nfd5 16. Be5 f6 17. Bg3 f5 18. Rfe1 Qd7 19. Be5 Ng6 20. Qg3 Kh7 21. h4 Rad8 22. Nxd5 Bxd5 23. Bxd5 Qxd5 24. h5 Nxe5 25. Rxe5 Qc4 26. Qg6+ Kh8 27. Qxe6 Rxd4 28. Qxc4 Rxc4 29. Re7 Rh4 30. Rdd7 Rg8 31. Rxa7 Rxh5 32. g3 Rg5 33. Re6 f4 34. Kg2 fxg3 35. fxg3 b5 36. a4 bxa4 37. Rxa4 Rd8 38. Rae4 Rd2+ 39. Re2 Rd3 40. R6e3 Rd4 41. b3 Rb4 42. Rc2 Rgb5 1/2-1/2

[Event "Campeonato Individual Absoluto de Madrid"]
[Site "Madrid ESP"]
[Date "2025.05.12"]
[Round "6.11"]
[White "Bocancea, Cristian Andrei"]
[Black "Martin Martin, Luis Vicente"]
[Result "1-0"]
[WhiteElo "1995"]
[BlackElo "1958"]
[PlyCount "61"]
[GameId "2176774924198132"]
[EventDate "2025.05.05"]
[EventType "swiss"]
[EventRounds "7"]
[SourceTitle "Ajedrez en Madrid"]
[Source "lmi"]
[SourceDate "2025.05.05"]
[SourceVersion "1"]
[SourceVersionDate "2025.05.14"]
[SourceQuality "1"]

1. c4 e5 2. g3 Nf6 3. Bg2 d5 4. cxd5 Nxd5 5. Nc3 Nb6 6. Nf3 Nc6 7. O-O Be7 8. d3 O-O 9. Be3 f5 10. Qc1 Bf6 11. Na4 Nd5 12. Qc4 Kh8 13. Bd2 Nce7 14. e4 Nb6 15. Nxb6 axb6 16. Ng5 Bxg5 17. Bxg5 Qd6 18. d4 Ng6 19. dxe5 Qxe5 20. Bd2 Be6 21. Qc2 f4 22. Rfc1 f3 23. Bf1 c5 24. Bc3 Qh5 25. b3 Bh3 26. Bc4 Rae8 27. Rd1 Re7 28. Rd5 Qg4 29. Qd2 Bg2 30. Qh6 Qxe4 31. Qxh7+ 1-0

[Event "Campeonato Individual Absoluto de Madrid"]
[Site "Madrid ESP"]
[Date "2025.05.12"]
[Round "6.12"]
[White "Lozano Argueso, Cesar"]
[Black "Fernandez Kalinov, Rodrigo"]
[Result "0-1"]
[WhiteElo "1995"]
[BlackElo "1816"]
[PlyCount "104"]
[GameId "2176786957218125"]
[EventDate "2025.05.05"]
[EventType "swiss"]
[EventRounds "7"]
[SourceTitle "Ajedrez en Madrid"]
[Source "lmi"]
[SourceDate "2025.05.05"]
[SourceVersion "1"]
[SourceVersionDate "2025.05.14"]
[SourceQuality "1"]

1. e4 c5 2. Nf3 Nc6 3. Bb5 g6 4. O-O Nf6 5. Re1 Bg7 6. c3 d5 7. e5 Nd7 8. d4 O-O 9. Be3 cxd4 10. cxd4 Nb6 11. Bxc6 bxc6 12. Qc1 Ba6 13. Bh6 Rc8 14. b3 e6 15. h4 Nd7 16. Bxg7 Kxg7 17. h5 c5 18. Qf4 cxd4 19. Nbd2 Nc5 20. Qxd4 Qb6 21. Qf4 Qd8 22. Re3 Nd7 23. Nd4 Qe7 24. Rh3 gxh5 25. Rxh5 Bd3 26. N2f3 Bg6 27. Qh6+ Kg8 28. Ng5 f6 29. exf6 Rxf6 30. Rh3 e5 31. Re1 Qg7 32. Qxg7+ Kxg7 33. Nb5 Rc2 34. Rf3 Rxa2 35. Rc1 e4 36. Rxf6 Kxf6 37. Rc7 Ne5 38. Nxh7+ Bxh7 39. Rxh7 a6 40. Nc3 Rd2 41. Ra7 Ng4 42. Rxa6+ Ke5 43. f3 Ne3 44. Rg6 exf3 45. gxf3 Rd3 46. Rc6 d4 47. Rc5+ Kf4 48. Nd5+ Kxf3 49. b4 Rd1+ 50. Kh2 Nf1+ 51. Kh3 Ne3 52. Kh2 Ng4+ 0-1

[Event "Campeonato Individual Absoluto de Madrid"]
[Site "Madrid ESP"]
[Date "2025.05.12"]
[Round "6.13"]
[White "Lopez de Turiso Sanchez, Jose An"]
[Black "Alvarez Abejon, Amilcar"]
[Result "1/2-1/2"]
[WhiteElo "1989"]
[BlackElo "1968"]
[PlyCount "29"]
[GameId "2176749685219401"]
[EventDate "2025.05.05"]
[EventType "swiss"]
[EventRounds "7"]
[SourceTitle "Ajedrez en Madrid"]
[Source "lmi"]
[SourceDate "2025.05.05"]
[SourceVersion "1"]
[SourceVersionDate "2025.05.14"]
[SourceQuality "1"]

1. e4 c5 2. Nc3 Nc6 3. g3 g6 4. Bg2 Bg7 5. d3 d6 6. f4 e6 7. Nf3 Nge7 8. O-O O-O 9. Ne2 b6 10. c3 Qd7 11. Kh1 Bb7 12. Be3 d5 13. Bg1 Ba6 14. Re1 Rad8 15. e5 1/2-1/2

[Event "Campeonato Individual Absoluto de Madrid"]
[Site "Madrid ESP"]
[Date "2025.05.12"]
[Round "6.14"]
[White "Calderon Rojo, Borja"]
[Black "Martin Rodriguez, Emilio"]
[Result "0-1"]
[WhiteElo "1911"]
[BlackElo "1959"]
[PlyCount "140"]
[GameId "2176788045910363"]
[EventDate "2025.05.05"]
[EventType "swiss"]
[EventRounds "7"]
[SourceTitle "Ajedrez en Madrid"]
[Source "lmi"]
[SourceDate "2025.05.05"]
[SourceVersion "1"]
[SourceVersionDate "2025.05.14"]
[SourceQuality "1"]

1. e4 c6 2. Nc3 d5 3. Nf3 dxe4 4. Nxe4 Nf6 5. Qe2 Nxe4 6. Qxe4 Nd7 7. Bc4 Nf6 8. Ne5 e6 9. Qe2 b5 10. Nxc6 Qc7 11. Bxb5 a6 12. Ne7+ axb5 13. Nxc8 Rb8 14. d4 Qxc8 15. Bf4 Rb6 16. O-O Be7 17. Rfd1 Qc6 18. b3 b4 19. Qc4 O-O 20. Be5 Rc8 21. Qf1 Qb5 22. Qxb5 Rxb5 23. Rac1 Nd5 24. Rd3 Bg5 25. f4 Bxf4 26. Bxf4 Nxf4 27. Re3 Rd5 28. g3 Ng6 29. c4 Rxd4 30. c5 Ne7 31. a4 Nd5 32. Re5 Rd3 33. Re2 Nc3 34. Re5 Rd2 35. Ra1 Nd5 36. a5 Rc2 37. a6 R2xc5 38. Ree1 Ra8 39. Ra4 Kf8 40. a7 Ke7 41. Ra6 Kd7 42. Rea1 Rc7 43. R1a4 Rb7 44. Kf2 Nc3 45. R4a5 Nb5 46. Ra4 Rbxa7 47. Rxa7+ Rxa7 48. Rxb4 Ra2+ 49. Kf3 Kc6 50. h4 Rb2 51. Kg4 f6 52. h5 g6 53. h6 Rh2 54. Rf4 f5+ 55. Kg5 Kd5 56. Rb4 Nd6 57. Kf6 Rxh6 58. Ra4 g5+ 59. Kxg5 Rg6+ 60. Kh5 Rxg3 61. Ra5+ Ke4 62. Ra4+ Ke5 63. b4 Nf7 64. Kh4 Rg4+ 65. Kh3 Kf6 66. Kh2 Ne5 67. Ra7 Nf3+ 68. Kh3 Rxb4 69. Ra8 Ng5+ 70. Kg3 h5 0-1

[Event "Campeonato Individual Absoluto de Madrid"]
[Site "Madrid ESP"]
[Date "2025.05.12"]
[Round "6.15"]
[White "Marquez Misel, Michael Angel"]
[Black "Cabanas Bravo, Juan Andres"]
[Result "1-0"]
[WhiteElo "1953"]
[BlackElo "1911"]
[PlyCount "63"]
[GameId "2176775678755074"]
[EventDate "2025.05.05"]
[EventType "swiss"]
[EventRounds "7"]
[SourceTitle "Ajedrez en Madrid"]
[Source "lmi"]
[SourceDate "2025.05.05"]
[SourceVersion "1"]
[SourceVersionDate "2025.05.14"]
[SourceQuality "1"]

1. d4 Nf6 2. Bf4 c5 3. e3 Qb6 4. Nc3 d6 5. Nf3 Qxb2 6. Nb5 Qb4+ 7. Qd2 Na6 8. Nc3 cxd4 9. exd4 Qa5 10. Rb1 g6 11. Bb5+ Nd7 12. O-O Bg7 13. Rfe1 e5 14. Ne4 Qxd2 15. Nxd6+ Ke7 16. Nxc8+ Rhxc8 17. Bxd2 Rxc2 18. Bxd7 Kxd7 19. Rxb7+ Ke8 20. Nxe5 Kf8 21. Nf3 Bxd4 22. Ree7 Kg8 23. Rxf7 Rxa2 24. h4 Nc5 25. Rbe7 Bh8 26. Be3 Ra1+ 27. Kh2 Ne4 28. Bd4 Ra4 29. Bxh8 Kxh8 30. Ne5 Nc5 31. Rxh7+ Kg8 32. Rhg7+ 1-0

[Event "Campeonato Individual Absoluto de Madrid"]
[Site "Madrid ESP"]
[Date "2025.05.12"]
[Round "6.16"]
[White "Garcia Galeote, Lorenzo"]
[Black "De Vicente Guijarro, Juan"]
[Result "1/2-1/2"]
[WhiteElo "1894"]
[BlackElo "1930"]
[PlyCount "36"]
[GameId "2176754787541095"]
[EventDate "2025.05.05"]
[EventType "swiss"]
[EventRounds "7"]
[SourceTitle "Ajedrez en Madrid"]
[Source "lmi"]
[SourceDate "2025.05.05"]
[SourceVersion "1"]
[SourceVersionDate "2025.05.14"]
[SourceQuality "1"]

1. Nf3 d5 2. b3 Nf6 3. Bb2 g6 4. e3 Bg7 5. c4 dxc4 6. Bxc4 O-O 7. O-O c5 8. d4 cxd4 9. Nxd4 a6 10. Nf3 b5 11. Be2 Nc6 12. Na3 Qb6 13. Qe1 Ne4 14. Bxg7 Kxg7 15. Bd3 Nc5 16. Be2 Ne4 17. Bd3 Nc5 18. Be2 Ne4 1/2-1/2

[Event "Campeonato Individual Absoluto de Madrid"]
[Site "Madrid ESP"]
[Date "2025.05.12"]
[Round "6.17"]
[White "Cardena Contreras, Javier"]
[Black "Camarero Izquierdo, Juan Carlos"]
[Result "1-0"]
[WhiteElo "1916"]
[BlackElo "1892"]
[PlyCount "63"]
[GameId "2176765867708590"]
[EventDate "2025.05.05"]
[EventType "swiss"]
[EventRounds "7"]
[SourceTitle "Ajedrez en Madrid"]
[Source "lmi"]
[SourceDate "2025.05.05"]
[SourceVersion "1"]
[SourceVersionDate "2025.05.14"]
[SourceQuality "1"]

1. e4 c5 2. Nf3 d6 3. d4 cxd4 4. Nxd4 Nf6 5. Nc3 a6 6. Rg1 e6 7. g4 Nfd7 8. Bc4 Nc6 9. Be3 Qc7 10. f4 b5 11. Bxe6 fxe6 12. Nxe6 Qa5 13. Nxf8 Rxf8 14. Qxd6 Rf6 15. Qd2 Nb6 16. Bxb6 Qxb6 17. O-O-O Be6 18. f5 Rd8 19. Qg5 Rxd1+ 20. Rxd1 b4 21. Nd5 Bxd5 22. exd5 Nd4 23. Qe3+ Kf8 24. Qxd4 Qb8 25. d6 Rf7 26. d7 Qd8 27. Qxb4+ Kg8 28. Qe4 Rf8 29. Qe6+ Kh8 30. Kb1 h6 31. Re1 Qh4 32. Qe7 1-0

[Event "Campeonato Individual Absoluto de Madrid"]
[Site "Madrid ESP"]
[Date "2025.05.12"]
[Round "6.18"]
[White "Pulido Gomez, Pablo"]
[Black "Blazquez Sanz, Oscar"]
[Result "0-1"]
[WhiteElo "1936"]
[BlackElo "1993"]
[PlyCount "118"]
[GameId "2176800615944330"]
[EventDate "2025.05.05"]
[EventType "swiss"]
[EventRounds "7"]
[SourceTitle "Ajedrez en Madrid"]
[Source "lmi"]
[SourceDate "2025.05.05"]
[SourceVersion "1"]
[SourceVersionDate "2025.05.14"]
[SourceQuality "1"]

1. e4 e6 2. d4 d5 3. Nc3 Bb4 4. Nge2 dxe4 5. a3 Bxc3+ 6. Nxc3 Nc6 7. Bf4 Nf6 8. Bb5 Nd5 9. Bd2 e3 10. fxe3 Nxc3 11. bxc3 Qh4+ 12. g3 Qe4 13. O-O h5 14. Bd3 Qg4 15. Qxg4 hxg4 16. e4 e5 17. Be3 Bd7 18. Rab1 b6 19. Bb5 Nb8 20. Bc4 O-O 21. dxe5 Nc6 22. Bf4 Na5 23. Bd3 Be6 24. Rfd1 Kh7 25. Kf2 Kg6 26. h4 gxh3 27. g4 Rh8 28. Rh1 Rh4 29. Be2 Rah8 30. Rh2 Nb7 31. Bg3 R4h7 32. Kf3 Nc5 33. Bf2 Nd7 34. Kf4 Rf8 35. Rbh1 f6 36. exf6 Nxf6 37. Ke3 Nxg4+ 38. Bxg4 Bxg4 39. Rg1 Rf3+ 40. Kd4 Kh5 41. Bg3 g5 42. Be5 Rd7+ 43. Kc4 c6 44. a4 a5 45. Kb3 Re7 46. Bd6 Rxe4 47. Bc7 Be6+ 48. Kb2 Rxa4 49. Bxb6 Ra2+ 50. Kb1 Rxc3 51. Re1 Bd5 52. Bc7 Ra4 53. Re5 Be4 54. Bd8 Rg3 55. Bc7 Rga3 56. Bd8 Ra1+ 57. Kb2 R1a2+ 58. Kb3 Bxc2+ 59. Rxc2 R4a3+ 0-1

[Event "Campeonato Individual Absoluto de Madrid"]
[Site "Madrid ESP"]
[Date "2025.05.12"]
[Round "6.19"]
[White "Arce Balluerca, Oscar"]
[Black "San Vicente Crespo, Pablo"]
[Result "0-1"]
[WhiteElo "1814"]
[BlackElo "1973"]
[PlyCount "100"]
[GameId "2176804488847512"]
[EventDate "2025.05.05"]
[EventType "swiss"]
[EventRounds "7"]
[SourceTitle "Ajedrez en Madrid"]
[Source "lmi"]
[SourceDate "2025.05.05"]
[SourceVersion "1"]
[SourceVersionDate "2025.05.14"]
[SourceQuality "1"]

1. e4 c5 2. c3 d5 3. exd5 Qxd5 4. d4 g6 5. Nf3 Bg7 6. Nbd2 cxd4 7. Bc4 Qd8 8. Nxd4 Nh6 9. N2f3 O-O 10. O-O Qc7 11. Qe2 a6 12. Re1 Nf5 13. h3 e5 14. Nxf5 Bxf5 15. g4 Bd7 16. a4 Nc6 17. Be3 Qc8 18. Bc5 Re8 19. Ng5 Nd8 20. Ba3 Be6 21. Nxe6 Nxe6 22. Bxe6 Qxe6 23. Rad1 e4 24. Rd6 Qe5 25. Qc4 Qf4 26. Rd7 Re6 27. Rxb7 Rae8 28. Bc5 Qf3 29. Re3 Qd1+ 30. Kg2 h5 31. Re2 hxg4 32. hxg4 Qd8 33. Rxe4 Qc8 34. Re7 R8xe7 35. Bxe7 Qxc4 36. Rxc4 Rxe7 37. Rc8+ Kh7 38. Ra8 Re6 39. Ra7 Kg8 40. Ra8+ Bf8 41. b4 Kg7 42. Rb8 Rc6 43. b5 axb5 44. axb5 Rxc3 45. b6 Rb3 46. b7 Bd6 47. Rd8 Bf4 48. Rd7 g5 49. Kf1 Kf6 50. Ke2 Ke6 0-1

[Event "Campeonato Individual Absoluto de Madrid"]
[Site "Madrid ESP"]
[Date "2025.05.12"]
[Round "6.20"]
[White "Lorenzo Martin, Hector"]
[Black "Lorenzo Bailador, Alfredo"]
[Result "0-1"]
[WhiteElo "1906"]
[BlackElo "1968"]
[PlyCount "104"]
[GameId "2176811758211243"]
[EventDate "2025.05.05"]
[EventType "swiss"]
[EventRounds "7"]
[SourceTitle "Ajedrez en Madrid"]
[Source "lmi"]
[SourceDate "2025.05.05"]
[SourceVersion "1"]
[SourceVersionDate "2025.05.14"]
[SourceQuality "1"]

1. c4 e6 2. Nc3 d5 3. cxd5 exd5 4. d4 c6 5. Bf4 Bd6 6. Bg3 Nf6 7. e3 Bf5 8. Qb3 Bxg3 9. hxg3 Qb6 10. Nf3 h6 11. Ne5 Nbd7 12. Nxd7 Nxd7 13. Be2 Nf6 14. Qxb6 axb6 15. Kd2 O-O 16. Bd3 Bxd3 17. Kxd3 Ng4 18. Rhf1 Rfe8 19. b4 b5 20. a3 f5 21. Ra2 Ra7 22. Rfa1 Rea8 23. f3 Nf6 24. a4 bxa4 25. b5 a3 26. Nb1 Kf7 27. bxc6 bxc6 28. Ke2 Rb7 29. Nd2 Nh5 30. Kf2 Ra6 31. Rxa3 Rxa3 32. Rxa3 Rb2 33. Rd3 Rc2 34. g4 fxg4 35. fxg4 Nf6 36. Kf3 Ke6 37. g3 Nh7 38. e4 Ng5+ 39. Kf4 dxe4 40. Nxe4 Nxe4 41. Kxe4 Rc4 42. Ke3 Kd5 43. Rd1 Rc3+ 44. Rd3 Rc1 45. Rd2 Re1+ 46. Kd3 Re4 47. Kc3 Rxg4 48. Rd3 h5 49. Rf3 g6 50. Rd3 Re4 51. Rf3 Rxd4 52. Rf6 Rg4 0-1

[Event "Campeonato Individual Absoluto de Madrid"]
[Site "Madrid ESP"]
[Date "2025.05.12"]
[Round "6.21"]
[White "Martin Cantizano, David"]
[Black "Veiga Macias, Rodrigo"]
[Result "1-0"]
[WhiteElo "1946"]
[BlackElo "1822"]
[PlyCount "81"]
[GameId "2176813357383867"]
[EventDate "2025.05.05"]
[EventType "swiss"]
[EventRounds "7"]
[SourceTitle "Ajedrez en Madrid"]
[Source "lmi"]
[SourceDate "2025.05.05"]
[SourceVersion "1"]
[SourceVersionDate "2025.05.14"]
[SourceQuality "1"]

1. e4 c5 2. Nf3 d6 3. d4 cxd4 4. Qxd4 Nc6 5. Bb5 Bd7 6. Bxc6 Bxc6 7. Nc3 Nf6 8. Bg5 h6 9. Bxf6 gxf6 10. O-O-O Rg8 11. Nh4 e6 12. Rhe1 Be7 13. g3 a5 14. Rd2 b5 15. Nd5 exd5 16. exd5 Bd7 17. Rde2 Kf8 18. Rxe7 Qxe7 19. Rxe7 Kxe7 20. Qe3+ Kd8 21. Qxh6 Ke7 22. Qe3+ Kd8 23. Qf4 Ke7 24. Qe3+ Kd8 25. Qd4 Ke7 26. Ng2 Rac8 27. Ne3 Rg5 28. h4 Re5 29. Kd2 Rc5 30. f4 Rh5 31. Qe4+ Kd8 32. Qf3 Rh8 33. c3 Re8 34. b3 Bc8 35. c4 bxc4 36. bxc4 Ba6 37. Kd3 f5 38. Qh5 Re4 39. Qg5+ Kc7 40. Qxf5 Re7 41. h5 1-0

[Event "Campeonato Individual Absoluto de Madrid"]
[Site "Madrid ESP"]
[Date "2025.05.12"]
[Round "6.22"]
[White "Quiroga Andres, Carlos"]
[Black "Arevillca Colque, Jonatan"]
[Result "1-0"]
[WhiteElo "1779"]
[BlackElo "1900"]
[PlyCount "93"]
[GameId "2176766909690044"]
[EventDate "2025.05.05"]
[EventType "swiss"]
[EventRounds "7"]
[SourceTitle "Ajedrez en Madrid"]
[Source "lmi"]
[SourceDate "2025.05.05"]
[SourceVersion "1"]
[SourceVersionDate "2025.05.14"]
[SourceQuality "1"]

1. d4 d5 2. c4 e6 3. Nc3 Nf6 4. Bg5 Be7 5. e3 O-O 6. Nf3 Nbd7 7. Qc2 a6 8. cxd5 exd5 9. Bd3 h6 10. Bf4 b6 11. h3 Bb7 12. O-O c5 13. Rfe1 Rc8 14. Qd2 Ne4 15. Bxe4 dxe4 16. Ne5 Nf6 17. Red1 Re8 18. Qe2 Bd6 19. dxc5 Rxc5 20. Nxf7 Kxf7 21. Bxd6 Rc6 22. Be5 Qe7 23. Bxf6 Rxf6 24. Qg4 Bc6 25. Nd5 Bxd5 26. Rxd5 Kg8 27. Rd7 Qf8 28. Rc1 Rf7 29. Rc4 Kh8 30. Rcd4 Rxf2 31. Qxg7+ Qxg7 32. Rxg7 Rxb2 33. Rg4 Rxa2 34. Rd6 Kh7 35. Rxb6 Ra1+ 36. Kh2 Ra3 37. Rgg6 Rxe3 38. Rxh6+ Kg7 39. Rxa6 Rd3 40. Rhe6 Rdd8 41. Ra7+ Kf8 42. Rxe8+ Rxe8 43. Kg1 e3 44. Kf1 Rd8 45. Ra2 Rd3 46. Ke2 Rb3 47. Kf3 1-0

[Event "Campeonato Individual Absoluto de Madrid"]
[Site "Madrid ESP"]
[Date "2025.05.12"]
[Round "6.23"]
[White "Escriva De Romani, Querejeta Bel"]
[Black "Liern Matesanz, Jairo"]
[Result "0-1"]
[WhiteElo "1979"]
[BlackElo "1963"]
[PlyCount "132"]
[GameId "2176814603890889"]
[EventDate "2025.05.05"]
[EventType "swiss"]
[EventRounds "7"]
[SourceTitle "Ajedrez en Madrid"]
[Source "lmi"]
[SourceDate "2025.05.05"]
[SourceVersion "1"]
[SourceVersionDate "2025.05.14"]
[SourceQuality "1"]

1. Nf3 Nf6 2. g3 d5 3. Bg2 c6 4. O-O Nbd7 5. d4 g6 6. Nbd2 Bg7 7. Re1 O-O 8. c4 Re8 9. Ne5 Nxe5 10. dxe5 Nd7 11. cxd5 Nxe5 12. dxc6 Nxc6 13. Nf3 Qb6 14. Be3 Qxb2 15. Qa4 Bf5 16. Rac1 Rac8 17. Nh4 Be6 18. Rc2 Qb4 19. Qxb4 Nxb4 20. Rxc8 Bxc8 21. Bxa7 Nxa2 22. Bb6 Nc3 23. e3 Be6 24. Nf3 Bd5 25. Nd4 e6 26. Ra1 Bxg2 27. Kxg2 Nd5 28. Bc5 Rc8 29. Bd6 Bf8 30. Nb5 Bxd6 31. Nxd6 Rc2 32. Kf3 b6 33. Rb1 Rc6 34. Nb5 Kg7 35. e4 Nf6 36. Rb3 Nd7 37. Nd4 Rc4 38. Ke3 e5 39. Ne2 Nc5 40. Rxb6 Rxe4+ 41. Kf3 g5 42. Nc3 g4+ 43. Kg2 Rd4 44. Rb5 Nd3 45. Nd5 Ne1+ 46. Kf1 Nf3 47. Ne3 Kg6 48. Kg2 h5 49. h3 Ne1+ 50. Kf1 gxh3 51. Kg1 Nf3+ 52. Kh1 Ra4 53. Rb1 Ra2 54. Rf1 f5 55. Nd1 Ra1 56. Ne3 Rxf1+ 57. Nxf1 f4 58. Nh2 Nd2 59. g4 f3 60. Kg1 Kg5 61. gxh5 Kxh5 62. Nxf3 Nxf3+ 63. Kh1 h2 64. Kg2 Kg4 65. Kh1 Nh4 66. Kxh2 Kf3 0-1

[Event "Campeonato Individual Absoluto de Madrid"]
[Site "Madrid ESP"]
[Date "2025.05.12"]
[Round "6.24"]
[White "Perdiguero Herreros, Alejandro"]
[Black "Moreno Torrero, Javier"]
[Result "1-0"]
[WhiteElo "1962"]
[BlackElo "1933"]
[PlyCount "61"]
[GameId "2176755596374133"]
[EventDate "2025.05.05"]
[EventType "swiss"]
[EventRounds "7"]
[SourceTitle "Ajedrez en Madrid"]
[Source "lmi"]
[SourceDate "2025.05.05"]
[SourceVersion "1"]
[SourceVersionDate "2025.05.14"]
[SourceQuality "1"]

1. d4 Nf6 2. c4 g6 3. Nc3 d5 4. Bg5 Ne4 5. Bh4 Nxc3 6. bxc3 Bg7 7. Nf3 O-O 8. e3 c5 9. cxd5 cxd4 10. cxd4 Qxd5 11. Bxe7 Re8 12. Bh4 Nc6 13. Be2 Bf5 14. O-O Nb4 15. Qa4 Nc2 16. Bc4 Qd6 17. Rac1 Na3 18. Be2 Bd7 19. Qb3 b5 20. Rc5 b4 21. Qxb4 Nc2 22. Qc4 Bf5 23. Rxf5 gxf5 24. Qxc2 f4 25. Bg5 fxe3 26. Bxe3 Rec8 27. Qf5 Qg6 28. Bd3 Rc3 29. Qd5 Qc6 30. Qxc6 Rxc6 31. Be4 1-0

[Event "Campeonato Individual Absoluto de Madrid"]
[Site "Madrid ESP"]
[Date "2025.05.13"]
[Round "7.1"]
[White "Rodriguez Avila, Alvaro"]
[Black "Martin Duque, Jesus"]
[Result "0-1"]
[WhiteElo "2204"]
[BlackElo "2344"]
[PlyCount "72"]
[GameId "2177144569106663"]
[EventDate "2025.05.05"]
[EventType "swiss"]
[EventRounds "7"]
[SourceTitle "Ajedrez en Madrid"]
[Source "lmi"]
[SourceDate "2025.05.05"]
[SourceVersion "1"]
[SourceVersionDate "2025.05.14"]
[SourceQuality "1"]

1. e4 d5 2. exd5 Qxd5 3. Nc3 Qd6 4. d4 Nf6 5. Nf3 g6 6. Be2 Bg7 7. O-O O-O 8. Nb5 Qb6 9. a4 c6 10. a5 Qd8 11. Nc3 Nd5 12. Ne4 Bf5 13. Ng3 Be6 14. Re1 Qc7 15. Ng5 Bc8 16. Bc4 h6 17. N5e4 Nd7 18. Bb3 e5 19. c4 Nb4 20. d5 f5 21. Qd2 c5 22. Nc3 e4 23. Qe2 Ne5 24. Bf4 Nbd3 25. Bxe5 Qxe5 26. Qxd3 exd3 27. Rxe5 Bxe5 28. Rd1 Bxc3 29. bxc3 Bd7 30. f4 Rf6 31. Rxd3 Ra6 32. Nf1 Rxa5 33. Nd2 Ra1+ 34. Kf2 a5 35. Re3 Re8 36. d6 a4 0-1

[Event "Campeonato Individual Absoluto de Madrid"]
[Site "Madrid ESP"]
[Date "2025.05.13"]
[Round "7.2"]
[White "Roquero Redondo, Miguel"]
[Black "Lianes Garcia, Marcos"]
[Result "0-1"]
[WhiteElo "2063"]
[BlackElo "2383"]
[PlyCount "78"]
[GameId "2177147252617464"]
[EventDate "2025.05.05"]
[EventType "swiss"]
[EventRounds "7"]
[SourceTitle "Ajedrez en Madrid"]
[Source "lmi"]
[SourceDate "2025.05.05"]
[SourceVersion "1"]
[SourceVersionDate "2025.05.14"]
[SourceQuality "1"]

1. e4 c5 2. Nf3 e6 3. d4 cxd4 4. Nxd4 a6 5. Bd3 Bc5 6. Nb3 Ba7 7. O-O Nc6 8. c4 Nge7 9. Nc3 O-O 10. Bf4 e5 11. Bd2 d6 12. Qe2 Be6 13. Be3 Bxe3 14. Qxe3 Na5 15. Nd2 Nac6 16. Nb3 Na5 17. Nd2 Nec6 18. Rfc1 Rc8 19. Ne2 Nb4 20. a3 Nxd3 21. Qxd3 Nc6 22. b4 Qb6 23. Nf1 a5 24. b5 Nb8 25. Ne3 Nd7 26. Rd1 Nc5 27. Qc2 a4 28. Nc3 Qa5 29. Ncd5 Kh8 30. Rab1 Nb3 31. Ne7 Rc5 32. N7f5 Qc7 33. Qe2 g6 34. Qg4 gxf5 35. exf5 Bxc4 36. f6 Rg8 37. Qh4 Be6 38. f4 exf4 39. Qxf4 Re5 0-1